000 00740cam a2200229 i 4500
005 20251209103234.0
008 250721r1995 ue gr 000 0 ara d
020 _a9773070433
082 1 4 _a216.2
_bق ر ض
100 1 _aقرضاوي، يوسف
_eمؤلف.
245 1 2 _aالعبادة في الإسلام /
_cتاليف الدكتور يوسف القرضاوي.
250 _aالطبعة الرابعة والعشرون.
264 3 1 _aالقاهرة :
_bمكتبة وهبة،
_c1995.
300 _a352صفحة.
650 1 7 _aالعبادة.
650 1 7 _aالفقه الإسلامي.
650 1 7 _aالصلوات.
650 1 7 _aالزكاة.
650 1 7 _aالحج.
942 _2ddc
_cBK
999 _c81156
_d81156